Gemeinden Bezirk Wolfsberg - Statistiken

Allgemein
  • Dieses Quiz wurde 4 mal gespielt
  • Das Durchschnittsergebnis liegt bei 3 aus 9
Antwortstatistiken
Gemeinde % Korrekt
Preitenegg
67%
Reichenfels
67%
St. Andrä
67%
Wolfsberg
67%
Lavamünd
33%
Bad St. Leonhard im Lavanttal
0%
Frantschach-St. Gertraud
0%
St. Georgen im Lavanttal
0%
St. Paul im Lavanttal
0%
Keine übereinstimmenden Quizze gefunden
Verteilung der Resultate
Anzahl Personen mit jedem Resultat
Perzentil nach korrekt beantworteten Fragen
Ihre Resultats-Entwicklung
Sie haben dieses Quiz noch nicht gespielt